| 000 | 00481nam a22001697a 4500 | ||
|---|---|---|---|
| 005 | 20240925071538.0 | ||
| 008 | 240925b |||||||| |||| 00| 0 eng d | ||
| 020 | _a0409004278 | ||
| 041 | _aEnglish | ||
| 082 | _a349 JOU | ||
| 100 | _lEnglish | ||
| 245 |
_aThe Law of South Africa / _cedited by JA Faris |
||
| 260 |
_aDurban: _bButterworths, _c1992 |
||
| 300 |
_bxxxiii, 824 pages; _c26 cm. |
||
| 650 |
_aLegal practice _bLaw |
||
| 942 |
_cBK _6ALISON_BN_VRIES |
||
| 999 |
_c3122 _d3122 |
||